000 00732nam a2200229 a 4500
999 _c11992
_d11992
001 11992
003 BD-JhCC
005 20210302094441.0
008 210302b20172018bg |||| ||a| 000 0 ben d
020 _a9847012006313
035 _a(BD-JhCC)11992
040 _aBD-JhCC
_dBD-JhCC
041 _abengali
082 _a891.3
_bASL 2018
100 _aআসলাম,সুমন্ত
245 _aসায়েন্স ফিকশ:
_bঅ্যালিয়েন /
_cসুমন্ত আসলাম ।
260 _aঢাকা:
_bকথা প্রকাশ;
_c২০১৮.
300 _a১১১ পৃ . :
_c২২ সেমি.
650 _aBengali Science Fiction
942 _2ddc
_cBK
_02